000 00653nam a2200193Ia 4500
003 GCL
008 140319s9999 xx 000 0 ara d
040 _aGCL /
_cGCL
082 0 4 _a413.2
_bا ق
100 1 _aالياس انطوان الياس
245 1 0 _aقاموس الياس العصرى عربى-انجليزى /
_cالياس انطوان الياس
700 1 _aادوارد الياس
260 _a[S.N] :
_bدار الياس العصرية للطباعه والنشر ،
_c1992
300 _a870 ص
650 0 4 _aعربى\انجليزى
650 0 4 _aالقواميس
650 0 4 _aالياس انطون الياس
942 _2ddc
_cREF
999 _c59275
_d59275